000 00384nam a2200157 i 4500
001 bg
100 1 _aSTOER, Józef.
245 0 _aWstęp do analizy numerycznej /
_cJ. Stoer, Bulirsch.
260 _aWarszawa,
_c1987.
650 9 _aAnaliza numeryczna
700 1 _aBULIRSCH, Roland.
040 _cBPK
041 _apol
942 _cKS
008 s pl f |000 0 pol
999 _c23854
_d23854
856 _uhttp://koha.tu.koszalin.pl/cgi-bin/koha/opac-detail.pl?biblionumber=23854
_yKatalog online BPK